Voyage au pays des jungles: Les femmes de l'Inde
Gardado en:
| Autor Principal: | |
|---|---|
| Formato: | Libro |
| Idioma: | francés |
| Publicado: |
París
E. Dentu
1889
|
| Edición: | 1a. ed |
| Subjects: | |
| Tags: |
Engadir etiqueta
Sen Etiquetas, Sexa o primeiro en etiquetar este rexistro!
|
MARC
| LEADER | 00000nam a2200000 a 4500 | ||
|---|---|---|---|
| 001 | UCJ4131 | ||
| 003 | CL-VaPUC | ||
| 008 | 070124e18890101FR |||||||||||||||||fre|d | ||
| 082 | 0 | 4 | |a 910.4 |b JAC |2 21 |
| 100 | |a Jacolliot, Louis |e author |9 507661 | ||
| 245 | 1 | 0 | |a Voyage au pays des jungles: Les femmes de l'Inde |
| 250 | |a 1a. ed | ||
| 300 | |a 384 p | ||
| 942 | |c BK | ||
| 945 | |d 20070124 00:00:00 |a rinostro | ||
| 260 | |a París |b E. Dentu |c 1889 | ||
| 650 | 0 | |a Viajes |9 257115 | |
| 650 | 0 | |a Cultura |9 269059 | |
| 650 | 0 | |a Religión |9 255164 | |
| 650 | 0 | |a Antropología cultural |9 269905 | |
| 650 | 0 | |a Hinduismo |9 265212 | |
| 651 | 0 | |a India |9 267804 | |
| 583 | |a last modification |c 20070124 00:00:00 |k Rodrigo Vera | ||
| 999 | |c 320248 |d 320246 | ||
| 952 | |0 0 |1 0 |4 0 |6 910_400000000000000_JAC_1889 |7 0 |8 X |9 398731 |a FDOBUD |b FDOBUD |d 2019-11-22 |i 1014293 |o 910.4 JAC 1889 |p 1014293 |r 2019-11-22 |w 2019-11-22 |y BK_X |k BUD | ||